Zintegrowane modele gospodarki narodowej

Enregistré dans:
Détails bibliographiques
Auteur principal: Tomaszewicz, Lucja
Format: Livre
Langue:polonais
Publié: Warszawa Wyd. Ekon. 1983
Tags: Ajouter un tag
Pas de tags, Soyez le premier à ajouter un tag!

MARC

LEADER 00000nam a2200000 4500
001 c109219
005 20150325105447.1
041 0 |a pol 
044 |a PL 
245 1 0 |a Zintegrowane modele gospodarki narodowej  |c Lucja Tomaszewicz 
264 1 |a Warszawa  |b Wyd. Ekon.  |c 1983 
300 |a 171 s. 
100 1 |a Tomaszewicz, Lucja